[Event "Tradewise Gibraltar Master 2015"]
[Site "Gibraltar ENG"]
[Date "2015.01.31"]
[Round "5.71"]
[White "Salomon, Johan"]
[Black "Mareckova, Martina"]
[Result "1-0"]
[WhiteElo "2319"]
[BlackElo "2102"]
[PlyCount "77"]
[EventDate "2015.01.27"]
[EventType "swiss"]
[EventRounds "10"]
[EventCountry "ENG"]
[Source "lmi"]
[SourceDate "2015.01.27"]

1. Nf3 Nf6 2. c4 g6 3. g3 Bg7 4. Bg2 O-O 5. O-O d6 6. Nc3 c6 7. d4 Nbd7 8. e4
e5 9. h3 Re8 10. Be3 Qc7 11. d5 c5 12. Ne1 Nf8 13. Nd3 N6d7 14. Qd2 a6 15. a4
f5 16. f4 exf4 17. Bxf4 Bd4+ 18. Kh1 Ne5 19. Nxe5 dxe5 20. Bh6 Qd6 21. Ne2 a5
22. Nxd4 cxd4 23. Rac1 b6 24. Qg5 Qd8 25. Qxd8 Rxd8 26. Rce1 fxe4 27. Rxe4 Ba6
28. Rxe5 Bxc4 29. Rf4 Rac8 30. Rxd4 Rc5 31. Bg5 Rd7 32. Be7 Rc8 33. d6 Bf7 34.
Rd2 Rc1+ 35. Kh2 Rc8 36. Rb5 Re8 37. Rf2 Rdxe7 38. dxe7 Rxe7 39. Rxb6 1-0

[Event "Tradewise Gibraltar Master 2015"]
[Site "Gibraltar ENG"]
[Date "2015.01.31"]
[Round "5.72"]
[White "Kandic, Milan"]
[Black "Sorm, Daniel"]
[Result "0-1"]
[WhiteElo "2101"]
[BlackElo "2319"]
[PlyCount "100"]
[EventDate "2015.01.27"]
[EventType "swiss"]
[EventRounds "10"]
[EventCountry "ENG"]
[Source "lmi"]
[SourceDate "2015.01.27"]

1. e4 c5 2. Nf3 Nc6 3. d4 cxd4 4. Nxd4 Nf6 5. Nc3 d6 6. Bc4 e6 7. Be3 Be7 8.
Bb3 O-O 9. f3 a6 10. Qd2 Qc7 11. O-O-O Na5 12. g4 Nc4 13. Bxc4 Qxc4 14. g5 Nd7
15. h4 Rd8 16. h5 Nf8 17. g6 fxg6 18. hxg6 hxg6 19. Bg5 Qc7 20. f4 Re8 21. Rdf1
b5 22. Bxe7 Qxe7 23. Qh2 Qa7 24. Qh8+ Kf7 25. Nf3 Ke7 26. Qxg7+ Kd8 27. Qf6+
Qe7 28. Qd4 Kc7 29. f5 gxf5 30. exf5 Bb7 31. f6 Qd8 32. Rh6 Rc8 33. a4 bxa4 34.
Qxa4 Kb8 35. Nd4 Qb6 36. Re1 e5 37. Nb3 d5 38. Na5 Ba8 39. Rh4 e4 40. f7 Re7
41. Rf1 d4 42. Nd1 Rec7 43. Rf2 Ka7 44. Rd2 e3 45. Rdh2 d3 46. Rh6 Rxc2+ 47.
Rxc2 Rxc2+ 48. Qxc2 dxc2 49. Rxb6 e2 50. Kxc2 e1=Q 0-1

[Event "Tradewise Gibraltar Master 2015"]
[Site "Gibraltar ENG"]
[Date "2015.01.31"]
[Round "5.73"]
[White "Santos Ruiz, Miguel"]
[Black "Hewson, Brian Wr"]
[Result "1-0"]
[WhiteElo "2310"]
[BlackElo "2084"]
[PlyCount "89"]
[EventDate "2015.01.27"]
[EventType "swiss"]
[EventRounds "10"]
[EventCountry "ENG"]
[Source "lmi"]
[SourceDate "2015.01.27"]

1. e4 c6 2. d4 d5 3. Nc3 g6 4. Nf3 Bg4 5. h3 Bxf3 6. Qxf3 dxe4 7. Nxe4 Bg7 8.
Bc4 e6 9. Bf4 Nf6 10. Nd6+ Kf8 11. O-O-O Qd7 12. Be5 Ne8 13. Ne4 Qe7 14. Bf4
Nd7 15. Rhe1 Kg8 16. Ng5 Nf8 17. Qb3 h6 18. Ne4 Rd8 19. Be5 Bxe5 20. dxe5 Rxd1+
21. Rxd1 Kg7 22. f4 b5 23. Be2 Nd7 24. Qc3 Nb8 25. g4 Nc7 26. f5 Qh4 27. f6+
Kh7 28. Qc5 Nd5 29. Qxa7 Rf8 30. Kb1 Qxh3 31. Nd6 Kg8 32. Nxf7 Qe3 33. Qxe3
Nxe3 34. Nxh6+ Kh7 35. Rh1 Nd5 36. Nf5+ Kg8 37. Nh6+ Kh7 38. Nf7+ Kg8 39. Ng5
Nxf6 40. exf6 Rxf6 41. Rf1 Rxf1+ 42. Bxf1 e5 43. Kc1 Kg7 44. Ne4 Nd7 45. c4 1-0

[Event "Tradewise Gibraltar Master 2015"]
[Site "Gibraltar ENG"]
[Date "2015.01.31"]
[Round "5.74"]
[White "Nuri, Kambez"]
[Black "Verneuil, Pascal"]
[Result "1/2-1/2"]
[WhiteElo "2305"]
[BlackElo "2093"]
[PlyCount "94"]
[EventDate "2015.01.27"]
[EventType "swiss"]
[EventRounds "10"]
[EventCountry "ENG"]
[Source "lmi"]
[SourceDate "2015.01.27"]

1. e4 c5 2. Nc3 Nc6 3. Nge2 d6 4. d4 cxd4 5. Nxd4 e5 6. Nf3 a6 7. Be2 Be7 8.
O-O Nf6 9. Bg5 O-O 10. Bxf6 Bxf6 11. Nd5 Ne7 12. Nxf6+ gxf6 13. Qd2 Qb6 14.
Rad1 Rd8 15. Qh6 Ng6 16. Bc4 Qc7 17. Bd5 Qe7 18. g3 Qf8 19. Qxf8+ Kxf8 20. Rd3
Bh3 21. Rfd1 Rab8 22. a4 Ke7 23. Nd2 h5 24. Nc4 Nf4 25. Re3 Nxd5 26. exd5 Rdc8
27. b3 Bf5 28. Rc1 b6 29. a5 Rc5 30. axb6 Rxd5 31. Ra1 Bc8 32. Rc3 Rc5 33. Ra5
Rc6 34. Rd3 Be6 35. Rxa6 Bxc4 36. bxc4 Rbxb6 37. Ra7+ Ke6 38. Rb3 Ra6 39. Rxa6
Rxa6 40. Kg2 Rc6 41. Rb4 Kf5 42. Kf3 d5 43. cxd5 Rc3+ 44. Ke2 Rxc2+ 45. Ke3
Rc3+ 46. Ke2 Rc2+ 47. Ke3 Rc3+ 1/2-1/2

[Event "Tradewise Gibraltar Master 2015"]
[Site "Gibraltar ENG"]
[Date "2015.01.31"]
[Round "5.75"]
[White "Magnusdottir, Veronika Steinun"]
[Black "Reuben, Stewart"]
[Result "0-1"]
[WhiteElo "1566"]
[BlackElo "2078"]
[PlyCount "96"]
[EventDate "2015.01.27"]
[EventType "swiss"]
[EventRounds "10"]
[EventCountry "ENG"]
[Source "lmi"]
[SourceDate "2015.01.27"]

1. e4 c5 2. Nf3 g6 3. d4 Bg7 4. c4 Nc6 5. Be3 d6 6. Qd2 Nf6 7. Nc3 cxd4 8. Nxd4
Ng4 9. Nxc6 bxc6 10. Bg5 h6 11. Bf4 Be6 12. Be2 Qa5 13. Rc1 g5 14. Bg3 O-O 15.
O-O f5 16. exf5 Qxf5 17. Bd3 Qf7 18. b3 Rad8 19. Qe2 Ne5 20. Be4 c5 21. f4 gxf4
22. Bxf4 Qe8 23. Nb5 Qd7 24. Qh5 Qe8 25. Qxe8 Rdxe8 26. Nc7 Bg4 27. Nxe8 Rxe8
28. h3 Bd7 29. a3 Nc6 30. Bd5+ Kh8 31. Rce1 e5 32. Bg3 Rb8 33. Rb1 a5 34. Rf7
Be8 35. Rc7 Nd4 36. Be1 Bg6 37. Rb2 Nxb3 38. Rb7 Rxb7 39. Bxb7 a4 40. Bc6 e4
41. Rb1 Bd4+ 42. Kf1 e3 43. Rd1 Bc2 44. Rxd4 Nxd4 45. Bc3 Kh7 46. Bxd4 Bd3+ 47.
Ke1 cxd4 48. Bxa4 Bxc4 0-1

[Event "Tradewise Gibraltar Master 2015"]
[Site "Gibraltar ENG"]
[Date "2015.01.31"]
[Round "5.76"]
[White "Dasaolu, Rotimi"]
[Black "De Haan, Eric"]
[Result "1-0"]
[WhiteElo "2053"]
[BlackElo "2299"]
[PlyCount "136"]
[EventDate "2015.01.27"]
[EventType "swiss"]
[EventRounds "10"]
[EventCountry "ENG"]
[Source "lmi"]
[SourceDate "2015.01.27"]

1. d4 Nf6 2. g3 c5 3. c3 d5 4. Bg2 Bf5 5. Nf3 e6 6. Bg5 Nc6 7. Qb3 Qb6 8. Bxf6
gxf6 9. Qxb6 axb6 10. Nbd2 cxd4 11. Nxd4 Nxd4 12. cxd4 Bb4 13. a3 O-O 14. Rd1
Be7 15. Rc1 Rac8 16. O-O Rfd8 17. e3 Bd3 18. Rfe1 Bc2 19. Bf1 Ba4 20. Bd3 f5
21. f4 Kg7 22. Kf2 Be8 23. Rg1 b5 24. b4 Ra8 25. Nb1 Rdc8 26. Rxc8 Rxc8 27. Ke2
h5 28. Kd2 Kf6 29. Rc1 Ra8 30. Rg1 Bc6 31. Kc3 Rg8 32. Be2 Bd8 33. Rg2 h4 34.
g4 fxg4 35. Rxg4 Rh8 36. Bd3 Ke7 37. Kb3 Bd7 38. Rg1 h3 39. Nc3 Kd6 40. Rg3 Bf6
41. Bxb5 Ke7 42. Bf1 Bh4 43. Rxh3 e5 44. Rxh4 Rxh4 45. fxe5 Rxh2 46. Nxd5+ Kd8
47. Nf4 Rf2 48. Be2 Bf5 49. Kc3 Be4 50. a4 Rh2 51. a5 Rh1 52. d5 Ra1 53. Kd4
Bf5 54. e4 Bd7 55. Bh5 Rf1 56. Nd3 Kc7 57. Kc5 Ba4 58. b5 Bc2 59. b6+ Kd8 60.
Kd4 Ra1 61. Nc5 Kc8 62. Bg4+ Kb8 63. e6 fxe6 64. dxe6 Ba4 65. Nxa4 Rxa4+ 66.
Kd5 Rxa5+ 67. Kd6 Rg5 68. e7 Rg8 1-0

[Event "Tradewise Gibraltar Master 2015"]
[Site "Gibraltar ENG"]
[Date "2015.01.31"]
[Round "5.77"]
[White "Tate, Alan"]
[Black "Suez-Panama, Gilles"]
[Result "1-0"]
[WhiteElo "2297"]
[BlackElo "2030"]
[PlyCount "59"]
[EventDate "2015.01.27"]
[EventType "swiss"]
[EventRounds "10"]
[EventCountry "ENG"]
[Source "lmi"]
[SourceDate "2015.01.27"]

1. e4 e6 2. d4 d5 3. Nd2 Nf6 4. e5 Nfd7 5. Bd3 c5 6. c3 Nc6 7. Ngf3 a5 8. O-O
h6 9. Re1 c4 10. Bc2 b5 11. b3 Nb6 12. bxc4 bxc4 13. a4 Bd7 14. Nf1 g6 15. Ne3
Bg7 16. Ba3 Ne7 17. Ng4 Ng8 18. Rb1 h5 19. Nf6+ Nxf6 20. exf6 Bxf6 21. Ne5 Bxe5
22. Rxe5 Qc7 23. Qf3 f5 24. Bc5 Rb8 25. Bxf5 gxf5 26. Qxf5 Bc8 27. Rxe6+ Bxe6
28. Qxe6+ Kd8 29. Bxb6 Rxb6 30. Rxb6 1-0

[Event "Tradewise Gibraltar Master 2015"]
[Site "Gibraltar ENG"]
[Date "2015.01.31"]
[Round "5.78"]
[White "Whatley, Stephen A J"]
[Black "Nagy, Gabor"]
[Result "0-1"]
[WhiteElo "1949"]
[BlackElo "2410"]
[PlyCount "88"]
[EventDate "2015.01.27"]
[EventType "swiss"]
[EventRounds "10"]
[EventCountry "ENG"]
[Source "lmi"]
[SourceDate "2015.01.27"]

1. d4 Nf6 2. Nf3 g6 3. Bg5 Bg7 4. Nbd2 d6 5. e3 Nbd7 6. c3 h6 7. Bh4 O-O 8. Bd3
e5 9. O-O Qe7 10. Qc2 Re8 11. dxe5 dxe5 12. Bc4 e4 13. Nd4 Nb6 14. Bb3 c5 15.
Ne2 Bd7 16. Bxf6 Bxf6 17. Nf4 Bf5 18. a4 Be5 19. Ne2 Rad8 20. Ng3 Bxg3 21. hxg3
h5 22. Rad1 h4 23. g4 Bxg4 24. f3 Bf5 25. fxe4 Be6 26. Bxe6 Qxe6 27. a5 Nd7 28.
Nf3 Qxe4 29. Qxe4 Rxe4 30. Rd5 Rxe3 31. Rfd1 Re7 32. Ne5 Nxe5 33. Rxd8+ Kg7 34.
R1d5 Ng4 35. Rd1 Ne5 36. R1d5 c4 37. Kf2 g5 38. Ra8 a6 39. Rd6 Nd3+ 40. Kf3 f5
41. g4 Ne1+ 42. Kf2 fxg4 43. Rad8 g3+ 44. Kg1 h3 0-1

[Event "Tradewise Gibraltar Master 2015"]
[Site "Gibraltar ENG"]
[Date "2015.01.31"]
[Round "5.79"]
[White "Raznikov, Danny"]
[Black "Osuna Vega, Enrique"]
[Result "1-0"]
[WhiteElo "2494"]
[BlackElo "2108"]
[PlyCount "133"]
[EventDate "2015.01.27"]
[EventType "swiss"]
[EventRounds "10"]
[EventCountry "ENG"]
[Source "lmi"]
[SourceDate "2015.01.27"]

1. d4 Nf6 2. c4 g6 3. Nc3 d5 4. Nf3 Bg7 5. cxd5 Nxd5 6. Na4 Nf6 7. Bf4 O-O 8.
e3 Nbd7 9. Rc1 c6 10. a3 Nh5 11. Bg5 h6 12. Bh4 g5 13. Bg3 Nxg3 14. hxg3 Re8
15. Nc3 Qa5 16. Bc4 e6 17. Ba2 b5 18. Qd2 Rd8 19. Ne4 Qxd2+ 20. Nfxd2 c5 21.
Nxc5 e5 22. d5 e4 23. Ne6 fxe6 24. dxe6 Kf8 25. exd7 Bxd7 26. Nxe4 Bxb2 27. Rb1
Bg7 28. Nc5 Ke7 29. O-O Rab8 30. e4 Bd4 31. Nxd7 Rxd7 32. Bd5 Rc7 33. Kh2 Rc3
34. f4 g4 35. Rbd1 Bg7 36. e5 Rxa3 37. Rc1 Rd8 38. Rfd1 b4 39. Rc6 Ra5 40. Rc7+
Rd7 41. Rxd7+ Kxd7 42. Bf3+ Kc7 43. Bxg4 Bxe5 44. fxe5 Rxe5 45. Rd7+ Kb6 46.
Rd6+ Kc7 47. Rxh6 b3 48. Rh7+ Kb8 49. Bf3 Rb5 50. Be4 a5 51. Rh8+ Kc7 52. Rh7+
Kd6 53. Ra7 Rb4 54. Bf5 a4 55. g4 b2 56. Kg3 Ke5 57. Ra5+ Kf6 58. Ra6+ Ke5 59.
Bb1 Rb3+ 60. Kh4 a3 61. g5 Rc3 62. Ba2 Rc1 63. g6 Ra1 64. g7 Rxa2 65. g8=Q b1=Q
66. Qg7+ Kd5 67. Qd7+ 1-0

[Event "Tradewise Gibraltar Master 2015"]
[Site "Gibraltar ENG"]
[Date "2015.01.31"]
[Round "5.80"]
[White "Wiedersich, Jens"]
[Black "Santiago, Yago De Moura"]
[Result "0-1"]
[WhiteElo "2125"]
[BlackElo "2406"]
[PlyCount "84"]
[EventDate "2015.01.27"]
[EventType "swiss"]
[EventRounds "10"]
[EventCountry "ENG"]
[Source "lmi"]
[SourceDate "2015.01.27"]

1. d4 Nf6 2. c4 g6 3. Nf3 Bg7 4. g3 O-O 5. Bg2 d6 6. Nc3 Nc6 7. O-O a6 8. Re1
Rb8 9. h3 e6 10. Be3 b5 11. cxb5 axb5 12. Qc1 Ne7 13. Bh6 b4 14. Nd1 Bb7 15.
Bxg7 Kxg7 16. Ne3 Nf5 17. Nxf5+ exf5 18. Nd2 Bxg2 19. Kxg2 Re8 20. Qc4 Re7 21.
Rac1 Qe8 22. e3 Qa4 23. Rc2 Rb6 24. Kg1 Qa8 25. Rec1 Nd5 26. Qb3 Ra6 27. Nb1
Ra5 28. Rc6 Nc3 29. R6xc3 bxc3 30. Nxc3 Qf3 31. Qd1 Qb7 32. d5 Qxb2 33. Qd4+ f6
34. Rb1 Qa3 35. g4 Qc5 36. Qd2 fxg4 37. hxg4 Qc4 38. e4 Rc5 39. Rb3 Rxe4 40.
Nxe4 Qxe4 41. Re3 Qxg4+ 42. Rg3 Qc4 0-1

[Event "Tradewise Gibraltar Master 2015"]
[Site "Gibraltar ENG"]
[Date "2015.01.31"]
[Round "5.81"]
[White "Povah, Nigel E"]
[Black "Compton, Alistair"]
[Result "1-0"]
[WhiteElo "2324"]
[BlackElo "2071"]
[PlyCount "93"]
[EventDate "2015.01.27"]
[EventType "swiss"]
[EventRounds "10"]
[EventCountry "ENG"]
[Source "lmi"]
[SourceDate "2015.01.27"]

1. d4 e6 2. Nf3 d5 3. e3 c5 4. b3 Nc6 5. Bd3 Nf6 6. O-O Bd6 7. Bb2 O-O 8. c4 b6
9. Ne5 Bb7 10. Nd2 Rc8 11. f4 cxd4 12. exd4 dxc4 13. Nxc6 Bxc6 14. bxc4 Qe7 15.
Rb1 Rfd8 16. Qe2 Re8 17. Qe3 Ba8 18. Rbe1 Qc7 19. Re2 Rcd8 20. Qh3 h6 21. Qh4
b5 22. Re3 bxc4 23. Nxc4 Be7 24. Re2 Nd5 25. Qg3 Bf6 26. Ne5 Rc8 27. h3 Bb7 28.
Kh2 Qe7 29. f5 exf5 30. Rxf5 Qd6 31. Ref2 Rc7 32. R5f3 Kh8 33. Kh1 Kg8 34. Kh2
Bc8 35. Be4 Bb7 36. Bxd5 Bxe5 37. Bxf7+ Rxf7 38. dxe5 Rxf3 39. Qxg7+ Kxg7 40.
exd6+ Kf7 41. gxf3 Rd8 42. Be5 Ke6 43. Bg3 Kd7 44. Rc2 Bxf3 45. Rc7+ Ke6 46.
Re7+ Kf6 47. Re3 1-0

[Event "Tradewise Gibraltar Master 2015"]
[Site "Gibraltar ENG"]
[Date "2015.01.31"]
[Round "5.82"]
[White "Rodriguez Alvarez, Vidal"]
[Black "Vojinovic, Jovana"]
[Result "1/2-1/2"]
[WhiteElo "2122"]
[BlackElo "2301"]
[PlyCount "98"]
[EventDate "2015.01.27"]
[EventType "swiss"]
[EventRounds "10"]
[EventCountry "ENG"]
[Source "lmi"]
[SourceDate "2015.01.27"]

1. d4 e6 2. c4 f5 3. g3 Nf6 4. Bg2 Be7 5. Nf3 d5 6. O-O Ne4 7. Qc2 Nc6 8. b3
O-O 9. Bb2 Bd7 10. Nbd2 Be8 11. Rad1 Bh5 12. a3 Bf6 13. b4 Ne7 14. Nb3 Bg6 15.
Qc1 Be8 16. Nc5 Qc8 17. Ne5 Bxe5 18. dxe5 Nxc5 19. bxc5 Bc6 20. cxd5 Bxd5 21.
Bxd5 Nxd5 22. c6 f4 23. Qc4 b5 24. Qc5 a5 25. Rd4 Kh8 26. Rfd1 Qe8 27. Bc1 Ra6
28. Qxb5 Rxc6 29. Rc4 Rxc4 30. Qxc4 Qh5 31. Bxf4 h6 32. Bc1 Qxe5 33. e4 Qh5 34.
Rf1 Nf6 35. Qxe6 Qf3 36. Bb2 Qxe4 37. Qxe4 Nxe4 38. Re1 Nd6 39. Re7 Rf7 40.
Rxf7 Nxf7 41. a4 Nd8 42. Bc3 Nb7 43. Kg2 Kg8 44. Kf3 c6 45. Kf4 Nc5 46. Bxa5
Nxa4 47. Ke5 Nb2 48. Kd4 c5+ 49. Kd5 Nd3 1/2-1/2

[Event "Tradewise Gibraltar Master 2015"]
[Site "Gibraltar ENG"]
[Date "2015.01.31"]
[Round "5.83"]
[White "Amos, Frank"]
[Black "Cordes, Hans-Joerg"]
[Result "0-1"]
[WhiteElo "2097"]
[BlackElo "2262"]
[PlyCount "94"]
[EventDate "2015.01.27"]
[EventType "swiss"]
[EventRounds "10"]
[EventCountry "ENG"]
[Source "lmi"]
[SourceDate "2015.01.27"]

1. e4 e6 2. d4 d5 3. exd5 exd5 4. Bd3 c5 5. c3 Nf6 6. Nf3 Be7 7. dxc5 Bxc5 8.
O-O O-O 9. Nbd2 Nc6 10. Nb3 Bb6 11. Nbd4 Bg4 12. h3 Bh5 13. Bg5 Bxd4 14. cxd4
Bxf3 15. Qxf3 Nxd4 16. Qd1 Qd6 17. Bxf6 Qxf6 18. Qh5 Rfd8 19. Qxh7+ Kf8 20.
Rfe1 g6 21. Re3 Rd6 22. Rc1 Rc6 23. Rd1 Rac8 24. Qh6+ Kg8 25. Rde1 Re6 26. Rxe6
Nxe6 27. Rc1 Rd8 28. Qd2 Nf4 29. Bf1 Qg5 30. Kh2 Nxh3 31. Qxg5 Nxg5 32. Rc7 d4
33. Rxb7 d3 34. Bxd3 Rxd3 35. Rxa7 Rd2 36. Rb7 Rxf2 37. a4 Rf1 38. a5 Ra1 39.
b4 Ne6 40. Rb6 Nc7 41. Rb7 Nd5 42. Rb5 Ne3 43. Rb6 Ra2 44. a6 Nxg2 45. b5 Nh4+
46. Kg1 Nf3+ 47. Kf1 Nd4 0-1

[Event "Tradewise Gibraltar Master 2015"]
[Site "Gibraltar ENG"]
[Date "2015.01.31"]
[Round "5.84"]
[White "Prosviriakov, Vladimir"]
[Black "Othman, Mustapha"]
[Result "1-0"]
[WhiteElo "2257"]
[BlackElo "1968"]
[PlyCount "73"]
[EventDate "2015.01.27"]
[EventType "swiss"]
[EventRounds "10"]
[EventCountry "ENG"]
[Source "lmi"]
[SourceDate "2015.01.27"]

1. e4 c5 2. Nf3 d6 3. d4 cxd4 4. Qxd4 Nc6 5. Bb5 Bd7 6. Bxc6 bxc6 7. c4 e5 8.
Qd3 Be7 9. Nc3 Qc7 10. O-O h5 11. Rd1 Rd8 12. b4 Nh6 13. b5 Be6 14. bxc6 Qxc6
15. Nd5 Bxd5 16. cxd5 Qa4 17. Re1 Rc8 18. Qb3 Qd7 19. h3 Bd8 20. Be3 f5 21.
Bxh6 Rxh6 22. exf5 Qxf5 23. Nd4 Qd7 24. a4 Kf7 25. Ne6 Ba5 26. Re3 Rf6 27. Rg3
g6 28. Rf3 Rxf3 29. Qxf3+ Kg8 30. Qg3 Qf7 31. Ra3 Rc1+ 32. Kh2 Bd2 33. Rf3 Bf4
34. Nxf4 exf4 35. Rxf4 Qg7 36. Qe3 Rc8 37. Qe6+ 1-0

[Event "Tradewise Gibraltar Master 2015"]
[Site "Gibraltar ENG"]
[Date "2015.01.31"]
[Round "5.85"]
[White "Spence, David J"]
[Black "Cawley, Paul F"]
[Result "1-0"]
[WhiteElo "2231"]
[BlackElo "2070"]
[PlyCount "99"]
[EventDate "2015.01.27"]
[EventType "swiss"]
[EventRounds "10"]
[EventCountry "ENG"]
[Source "lmi"]
[SourceDate "2015.01.27"]

1. e4 Nc6 2. Nf3 e5 3. Bc4 Bc5 4. c3 Nf6 5. d3 d6 6. Bb3 a6 7. h3 h6 8. Nbd2
Ba7 9. Nf1 Na5 10. Bc2 c5 11. g4 Nc6 12. Ng3 Qb6 13. Qe2 g5 14. Nd2 Be6 15. Nc4
Bxc4 16. dxc4 Nd7 17. h4 O-O-O 18. Nf5 Bb8 19. Qd3 Nf6 20. f3 Qc7 21. Be3 Ne7
22. O-O-O Nxf5 23. exf5 e4 24. fxe4 Nxg4 25. hxg5 Nxe3 26. Qxe3 hxg5 27. Qxg5
Rhg8 28. Qf6 Rdf8 29. Rh7 Qd8 30. Qxd8+ Kxd8 31. e5 Rh8 32. Rg7 Ke7 33. e6 Rhg8
34. Rxg8 Rxg8 35. exf7 Kxf7 36. Be4 Kf6 37. Bxb7 a5 38. Bd5 Rg5 39. Be6 Bc7 40.
Kc2 a4 41. Rd2 Rg3 42. Bd7 Rg7 43. Bxa4 Kxf5 44. Bc6 Kf6 45. b4 Rg3 46. a4 Re3
47. a5 Ke7 48. Rh2 Re1 49. Rh7+ Kd8 50. Rh8+ 1-0

[Event "Tradewise Gibraltar Master 2015"]
[Site "Gibraltar ENG"]
[Date "2015.01.31"]
[Round "5.86"]
[White "Vanheirzeele, Daniel"]
[Black "Al-Tamimi, Hamad"]
[Result "1/2-1/2"]
[WhiteElo "2091"]
[BlackElo "2214"]
[PlyCount "59"]
[EventDate "2015.01.27"]
[EventType "swiss"]
[EventRounds "10"]
[EventCountry "ENG"]
[Source "lmi"]
[SourceDate "2015.01.27"]

1. d4 d5 2. c4 e6 3. Nf3 Nf6 4. g3 Bb4+ 5. Bd2 Bxd2+ 6. Nbxd2 O-O 7. Bg2 Nbd7
8. O-O c5 9. cxd5 exd5 10. dxc5 Nxc5 11. Nb3 Nce4 12. Rc1 b6 13. Nbd4 Bb7 14.
Qd3 Qe7 15. Nf5 Qd7 16. Ne3 Rfc8 17. Nd4 Nc5 18. Qb1 Ne6 19. Rfd1 Nxd4 20. Rxd4
Qb5 21. Bf3 h6 22. Rcd1 Rd8 23. b3 Rd7 24. Qd3 Qxd3 25. R1xd3 Rad8 26. Ng4 Nxg4
27. Bxg4 Rd6 28. e4 Kf8 29. Bf3 Ke7 30. exd5 1/2-1/2

[Event "Tradewise Gibraltar Master 2015"]
[Site "Gibraltar ENG"]
[Date "2015.01.31"]
[Round "5.87"]
[White "Yu, Jonathan"]
[Black "Hoffmann, Hendrik"]
[Result "1-0"]
[WhiteElo "2081"]
[BlackElo "2206"]
[PlyCount "115"]
[EventDate "2015.01.27"]
[EventType "swiss"]
[EventRounds "10"]
[EventCountry "ENG"]
[Source "lmi"]
[SourceDate "2015.01.27"]

1. e4 e5 2. Nf3 Nc6 3. Bc4 Bc5 4. c3 Nf6 5. d3 d6 6. Nbd2 a6 7. Bb3 h6 8. h3
Ne7 9. O-O Ng6 10. Re1 O-O 11. Nf1 Be6 12. Ng3 Qc8 13. Bxe6 fxe6 14. d4 exd4
15. cxd4 Bb6 16. Qc2 Qe8 17. a4 a5 18. Ra3 Qf7 19. Be3 Nh7 20. Rc3 d5 21. e5
Rac8 22. Rb3 Nf4 23. Nh4 g5 24. Bxf4 gxh4 25. Ne2 Ng5 26. Be3 Qf5 27. Rc1 Rce8
28. Qxf5 Rxf5 29. Rb5 Ref8 30. b4 Ra8 31. bxa5 Rxa5 32. Rxa5 Bxa5 33. Rc5 b6
34. Rxc7 Rf7 35. Rc6 Re7 36. Nc1 Kf7 37. Nb3 Ra7 38. Kf1 Bb4 39. Rxb6 Rxa4 40.
Rb7+ Kg6 41. f3 Bf8 42. Rb8 Be7 43. Ke2 Ra2+ 44. Bd2 Rc2 45. Nc1 Rc4 46. Ke3
Nf7 47. Kd3 Nd8 48. Ra8 Nc6 49. Ne2 Bg5 50. Bxg5 hxg5 51. Rg8+ Kh5 52. f4 gxf4
53. Nxf4+ Kh6 54. Nxe6 Nb4+ 55. Kd2 Rc2+ 56. Ke3 Rc3+ 57. Kf4 Nc2 58. Kf5 1-0

[Event "Tradewise Gibraltar Master 2015"]
[Site "Gibraltar ENG"]
[Date "2015.01.31"]
[Round "5.88"]
[White "Freuler, Roman"]
[Black "Balogun, Oluwafemi"]
[Result "1/2-1/2"]
[WhiteElo "2071"]
[BlackElo "2193"]
[PlyCount "150"]
[EventDate "2015.01.27"]
[EventType "swiss"]
[EventRounds "10"]
[EventCountry "ENG"]
[Source "lmi"]
[SourceDate "2015.01.27"]

1. e4 d6 2. d4 Nf6 3. Nc3 g6 4. f3 a6 5. Be3 b5 6. Qd2 Nbd7 7. O-O-O Bb7 8. g4
Nb6 9. g5 Nh5 10. Bd3 Bg7 11. Nce2 O-O 12. Ng3 c5 13. Nxh5 gxh5 14. c3 b4 15.
cxb4 cxd4 16. Bf2 d5 17. Kb1 Rc8 18. Ne2 dxe4 19. Bxe4 Nc4 20. Qd3 Bxe4 21.
fxe4 e5 22. Ng3 Qb6 23. Qb3 Nd6 24. Rhe1 Rc4 25. a3 Rfc8 26. Nxh5 a5 27. Bg3
Qb5 28. Nxg7 Kxg7 29. Qf3 Ne8 30. Qf5 Kg8 31. Rf1 Qb7 32. Bxe5 axb4 33. a4 R8c5
34. Qf4 d3 35. Bd6 Rc8 36. Rxd3 Rxe4 37. Qg3 Qc6 38. Rd2 Qxa4 39. Qd3 Nxd6 40.
Qxd6 Ra8 41. Qf6 Qa2+ 42. Kc1 Rc8+ 43. Rc2 Rce8 44. Rc7 Qa1+ 45. Kc2 Qa4+ 46.
Kb1 Re1+ 47. Rxe1 Rxe1+ 48. Rc1 Re8 49. Qc6 Qxc6 50. Rxc6 Re5 51. h4 Re4 52. h5
Re5 53. h6 Kf8 54. Rb6 Rxg5 55. Rxb4 Rg6 56. Rh4 Ke7 57. b4 f5 58. Kc2 Kd6 59.
Kd3 Kd5 60. Rh3 Ra6 61. Kc2 f4 62. b5 Ra7 63. b6 Rb7 64. Rb3 Ke4 65. Kd2 Kd5
66. Ke2 Kc6 67. Kf3 Rxb6 68. Rxb6+ Kxb6 69. Kxf4 Kc7 70. Kf5 Kd7 71. Kf6 Ke8
72. Kg7 Ke7 73. Kxh7 Kf7 74. Kh8 Kf8 75. Kh7 Kf7 1/2-1/2

[Event "Tradewise Gibraltar Master 2015"]
[Site "Gibraltar ENG"]
[Date "2015.01.31"]
[Round "5.89"]
[White "Byron, Alan M"]
[Black "Godinho Marques, Pedro"]
[Result "1-0"]
[WhiteElo "2188"]
[BlackElo "1950"]
[PlyCount "69"]
[EventDate "2015.01.27"]
[EventType "swiss"]
[EventRounds "10"]
[EventCountry "ENG"]
[Source "lmi"]
[SourceDate "2015.01.27"]

1. e4 c5 2. Nf3 a6 3. c3 e6 4. d4 d5 5. e5 Nc6 6. Bd3 Qb6 7. O-O Bd7 8. dxc5
Bxc5 9. b4 Bf8 10. Qe2 g6 11. Bf4 Bh6 12. Bxh6 Nxh6 13. Nbd2 O-O 14. a3 Rac8
15. Nb3 Na7 16. Qd2 Kg7 17. a4 Rfd8 18. Nc5 Be8 19. Nd4 Bd7 20. Qg5 Ng8 21. f4
Nc6 22. f5 Nxd4 23. a5 Ne2+ 24. Bxe2 Qc7 25. fxg6 fxg6 26. Bg4 h6 27. Qe3 Qc6
28. Bd1 Qc7 29. Bg4 Qc6 30. Rf4 Rf8 31. Raf1 b6 32. axb6 Rb8 33. Rxf8 Rxf8 34.
Rxf8 Kxf8 35. b7 1-0

[Event "Tradewise Gibraltar Master 2015"]
[Site "Gibraltar ENG"]
[Date "2015.01.31"]
[Round "5.90"]
[White "Byrn, Carsten"]
[Black "Veltkamp, Gerben"]
[Result "0-1"]
[WhiteElo "2044"]
[BlackElo "2175"]
[PlyCount "70"]
[EventDate "2015.01.27"]
[EventType "swiss"]
[EventRounds "10"]
[EventCountry "ENG"]
[Source "lmi"]
[SourceDate "2015.01.27"]

1. d4 Nf6 2. c4 c5 3. d5 b5 4. Nf3 Bb7 5. Nbd2 bxc4 6. e4 e6 7. dxe6 fxe6 8. e5
c3 9. bxc3 Nd5 10. Ne4 Be7 11. c4 Nf4 12. Bxf4 Bxe4 13. Bd3 Bxd3 14. Qxd3 O-O
15. Bg3 Qa5+ 16. Qd2 Nc6 17. O-O Qxd2 18. Nxd2 Rab8 19. Nb3 a5 20. Rfd1 Rb7 21.
Rab1 Rfb8 22. f4 g5 23. Nd2 Rb2 24. fxg5 Bxg5 25. Rxb2 Rxb2 26. Nf1 Nd4 27. h4
Bh6 28. Bf2 Ne2+ 29. Kh1 Nc3 30. Rxd7 Rxf2 31. Ng3 Bf4 32. Rd8+ Kf7 33. Rd3 Ne4
34. Ne2 Rf1+ 35. Ng1 Nf2# 0-1

[Event "Tradewise Gibraltar Master 2015"]
[Site "Gibraltar ENG"]
[Date "2015.01.31"]
[Round "5.91"]
[White "Krockenberger, Martin"]
[Black "Gonzalez Espana, Maria Gabriel"]
[Result "1/2-1/2"]
[WhiteElo "2152"]
[BlackElo "1917"]
[PlyCount "83"]
[EventDate "2015.01.27"]
[EventType "swiss"]
[EventRounds "10"]
[EventCountry "ENG"]
[Source "lmi"]
[SourceDate "2015.01.27"]

1. Nf3 Nf6 2. c4 g6 3. g3 Bg7 4. Bg2 O-O 5. O-O c5 6. Nc3 d5 7. cxd5 Nxd5 8.
Nxd5 Qxd5 9. d3 Nc6 10. Be3 Qd6 11. Rc1 Nd4 12. Nxd4 cxd4 13. Bd2 Bg4 14. h3
Bd7 15. Qb3 Rfc8 16. Bb4 Qb6 17. Qa3 e5 18. Bd6 Rxc1 19. Rxc1 Rc8 20. Rxc8+
Bxc8 21. Qc5 Qxc5 22. Bxc5 b6 23. Bd6 Be6 24. a3 f6 25. Bb8 a6 26. Bc7 Bh6 27.
f4 exf4 28. gxf4 b5 29. Kh2 Bc8 30. Kg3 Bg7 31. Bd5+ Kf8 32. Bd6+ Ke8 33. Bc5
f5 34. Bd6 Bf6 35. Bb4 Be7 36. Bxe7 Kxe7 37. h4 a5 38. b4 a4 39. Kf3 Be6 40.
Bc6 Bd7 41. Bb7 Kd6 42. Kg3 1/2-1/2